000 00582nam a2200205 a 4500
005 20240420063818.0
008 991125s1991 es 000 0 spa u
020 _a8478690352
035 _aUPN01000000497
049 _aCG
050 4 _aLB1733
_bP74 no.20
100 1 _aYuste Hernanz, Carlos
_929510
245 1 0 _aActitudes PFSE :
_bmanual técnico /
_cCarlos Yuste Hernanz.
260 _aMadrid :
_bCEPE,
_c1991.
300 _a69 p.
440 0 _aTests y psicodiagnóstico ;
_v20
650 7 _aActitud (Psicología)
_2
_9125
650 4 _aEducación especial
_93029
905 _aLibro
999 _c497
_d497